| 000 | 00335cam a22001097a 4500 | ||
|---|---|---|---|
| 008 | 180718b1962 xxu||||| |||| 00| 0 eng d | ||
| 082 | _aPx5443 In2 | ||
| 245 |
_aReport of the education committee on Goa _cby Planning Commission |
||
| 260 |
_aNew Delhi _bPlanning Commission _c1962 |
||
| 300 | _a143p. | ||
| 700 | _aIndia. Planning Commission | ||
| 999 |
_c494346 _d494346 |
||